000 01675nam0a22003131 4500
001 RU\NLR\INFOCOMM_17\5000676291
005 20260308043912.0
035 _a(NLR Aleph) 009373272
090 _a13555339
_c13555339
100 _a20101221d1972 u y0rusy50 ca
101 1 _apol
_crus
102 _aLT
105 _aa ||||000|y
200 1 _aCzytanki z historii ZSRR
_eDla klasy IV
_e[Przekł.. z 2-go wyd. ros.]
_fT. Gołubiewa, L. Gellersztejn
_gPodręcznik pod red. N. Kuzina
_g[Przekł.. z 2-go wyd. ros.]
210 _aKaunas
_c"Šviesa"
_d1972
215 _a288 с.
_cил., портр., карт.
_d22 см
300 _aНа пер. сост. не указаны
300 _aВ вып. дан.: Тамара Сергеевна Голубева, Лев Соломонович [!] Геллерштейн. Рассказы по истории СССР. - Юозас Юргинис, Нина Кастанаускайте. Рассказы по истории Литовской ССР. Учебник для IV класса
423 0 _12001#$a[Czytanki z historii Litewskiej SRR$ePodręcznik dla klasy IV]
_1700#1$aJurginis$bJ.$4070
_1701#1$aKastanauskajte$bN.$4070
_t[Czytanki z historii Litewskiej SRR
_aJurginis, J.
686 _aТ3(2)я71-11
_2rubbk
700 1 _9z01790
_aGolubeva
_bT. S.
_cканд. пед. наук, история
_f-2011
_gTamara Sergeevna
_3RU\NLR\AUTH\770290652
_4070
701 1 _9z02790
_aGellerštejn
_bL. S.
_gLev Solomonovič
_4070
790 1 _9z01700
_aGołubiewa
_bT.
_4070
790 1 _9z02701
_aGellersztejn
_bL.
_4070
801 0 _aRU
_bNLR
_gPSBO
801 1 _aRU
_bNLR
_c20101221
852 _aNLR
_jСл Пол-3/1248
942 _cUNSPEC
980 _aNB